Представление документа в формате MARC21

Поле Инд. ПП Название Значение
Тип записи a
Библиографический уровень b
001 Контрольный номер RU/IS/BASE/102766890
005 Дата корректировки 20200522190755.7
084 a Индекс другой классификации/Индекс ББК 66.3(2Рос),5
100 1_ a Автор Аджигиреев А. А.
245 _0 a Заглавие Нетрадиционная и народная дипломатия Кавказа в условиях глобализации мировой экономики
650 a Основная рубрика внутренняя политика
a Основная рубрика политика
653 a Ключевые слова дипломатия
a Ключевые слова Кавказ
a Ключевые слова национальная политика (этнополитика)
a Ключевые слова национальные отношения
a Ключевые слова политические конфликты
a Ключевые слова Россия
a Ключевые слова социально-экономическое развитие
a Ключевые слова экономические факторы политики
773 t Заглавие источника Социально-гуманитарные знания
d Дата издания источника 2003
g Прочая информация № 1. - С. 62 - 67
w Контрольный № источника RU/IS/BASE/101491030
901 t Тип документа b